| 000 | 00486nam a22001457a 4500 | ||
|---|---|---|---|
| 005 | 20120218122911.0 | ||
| 020 |
_a8120324900 _c225.00 |
||
| 035 | _aB-106178 | ||
| 037 |
_aDPL _bENG |
||
| 245 | _aBasic of software project management / | ||
| 260 |
_aNew Delhi _bPHI _c2004 |
||
| 300 |
_axi, 258p. _c22 cms. |
||
| 942 |
_2ddc _cEN _h005.068 _mBAS |
||
| 999 |
_c63205 _d63205 |
||